Vainqueurs Grand Prix F1 2021 - Statistiques

Statistiques générales
  • Ce quiz a été pris 45 fois
  • Le résultat moyen est 20 sur 22
Statistiques - réponses
Grand Prix Réponses % Correct
BAHREIN Lewis Hamilton
100%
PORTUGAL Lewis Hamilton
100%
ESPAGNE Lewis Hamilton
100%
EMILIE-ROMAGNE Max Verstappen
100%
FRANCE Max Verstappen
100%
GRANDE-BRETAGNE Lewis Hamilton
97%
MONACO Max Verstappen
97%
STEIERMARK GP Max Verstappen
95%
AUTRICHE Max Verstappen
92%
RUSSIE Lewis Hamilton
89%
BELGIQUE Max Verstappen
89%
PAYS-BAS Max Verstappen
89%
AZERBAIDJAN Sergio Perez
89%
ABOU DABI Max Verstappen
87%
BRESIL Lewis Hamilton
84%
QATAR Lewis Hamilton
84%
ARABIE SAOUDITE Lewis Hamilton
84%
ETATS UNIS Max Verstappen
84%
MEXIQUE Max Verstappen
84%
HONGRIE Esteban Ocon
82%
TURQUIE Valtteri Bottas
79%
ITALIE Daniel Ricciardo
61%
Aucun quiz correspondant
Distribution des résultats
% des personnes avec chaque résultat
Percentile par nombre de réponses
Votre historique - résultats
Vous n’avez pas pris ce quiz